| 000 | 00717cam a2200229 4500 | ||
|---|---|---|---|
| 008 | 090401t1996 xxu||||| |||| 00| 0 eng d | ||
| 020 | _a0112709559 | ||
| 035 | _a(Sirsi) u20291 | ||
| 041 | _aeng | ||
| 050 | _a346.41013 | ||
| 110 |
_aDepartment for Education and Employment _92846 |
||
| 245 | _aDisability Discrimination Act 1995: guidance on matters to be taken into account in determining questions relating to the definition of disability. | ||
| 260 |
_aLondon _bHMSO _c1996 |
||
| 300 | _aii,18p. ; 30cm. | ||
| 350 | _a7.5 | ||
| 650 | _aDEFINITIONS | ||
| 650 | _aDISABILITY DISCRIMINATION ACT 1995 | ||
| 650 | _aDISABLED PEOPLE | ||
| 690 | _aECONOMIC AND SOCIAL | ||
| 942 | _n0 | ||
| 948 | _c04/03/1997 | ||
| 999 |
_c87790 _d87790 |
||